000 00925nam a22002177a 4500
999 _c3532
_d3532
003 AR-CdUCM
008 190306b ||||| |||| 00| 0 spa d
020 _a0 86210 098 4
040 _aMUNICIPALIDAD PROVINCIAL DEL CUSCO
_cBIBLIOTECA MUNICIPAL DEL CUSCO
082 _a323.4 /
_bM47
110 _aPublicaciones Amnistia Internacional
_911573
245 _aMexico los Derechos Humanos en Zonas Rurales :
_bIntercambio de Documentos con el Gobierno Mexicano sobre Violaciones de los Derechos Humanos en Oaxaca y Chiapas /
260 _aMadrid :
_bTalleres Graficos PeƱalara,
_c1986.
300 _a149 paginas ;
_bilustraciones,
_c21cm.
505 _aContenido: Violaciones de derechos humanos -- Abuso en el estado -- Gobierno de Mexico -- Amnistia Internacional
650 _aAmnistia Internacional
_911574
650 _aViolaciones de los derechos
_911575
650 _aMexico
_918
942 _2ddc
_cLIBROS
945 _apjha